000 00522nam a2200169 a 4500
005 20210223120415.0
008 991125s1970 mx 000 0 spa u
035 _aUPN01000000400
049 _aCG
050 4 _aF1291
_bF7.2
100 1 _aFranco Mayoral, Mariano,
_d1909-
245 1 3 _aEl achiquiliche :
_bcon otras [reminiscencias de un Metzo] /
_cM. F. Mayoral.
260 _aMetztitlán, Hgo. :
_b[s.n.,
_cs.a.].
300 _a181 p. :
_bil.
651 4 _aMETZTITLAN, HIDALGO -
_xDESCRIPCION Y VIAJES
_911090
905 _aLibro
999 _c400
_d400